Word Ladder: Christmas Song Titles Quiz Stats

Quiz Updated Dec 19, 2014

Challenge
Share
Tweet
Embed
Score 0/50 Timer 05:00
0 Plays Today
Hint 4-Letter Word % Correct
☃ Deck the ____HALL
96.6%
☃ It’s Beginning to Look a Lot ____ Christmas ☃LIKE
94.7%
☃ O ____, All Ye Faithful ☃COME
94.4%
☃ Winter Wonder____LAND
93.3%
Capital of ItalyROME
92.6%
☃ Go ____ It on the Mountain ☃TELL
91.4%
☃ ____! The Herald Angels Sing ☃HARK
91%
☃ ____ Dong Merrily on High ☃DING
90.9%
Starbucks 12 oz. size (between 'short' and 'grande')TALL
90.7%
Ditka, Wallace, or TysonMIKE
90.3%
To eat (formally)DINE
90.3%
Actor's partROLE
90.1%
Animal fat for cookingLARD
89.8%
☃ Let It ____SNOW
89.5%
Non-prerecorded broadcastLIVE
89.3%
FinishedDONE
89.3%
☃ The Christmas ____ ('Chestnuts roasting . . .') ☃SONG
88.7%
☃ Do You ____ What I ____? ☃HEAR
88.1%
Coal sourceMINE
87.8%
☃ The First ____NOËL
87.6%
Below normal rate of speedSLOW
87%
Chinese dynasty from 1368–1644MING
86.9%
Sheltered bayCOVE
85.3%
☃ ____ We Now of Christmas ☃SING
85%
Songbird of family AlaudidaeLARK
84.5%
Hint 4-Letter Word % Correct
☃ Mary, Did You ____? ☃KNOW
84.4%
Broadway theater awardTONY
84.2%
Musical soundTONE
84.1%
Shredded cabbage saladSLAW
84%
On New Year's Eve between 'Auld' and 'Syne'LANG
83.8%
☃ ____ Came Down at Christmas ☃LOVE
83.3%
☃ Carol of the ____s ☃BELL
82.5%
☃ ____ We Come A-Wassailing ☃HERE
81.3%
March companion of Mad HatterHARE
80.5%
☃ Good ____ Wenceslas ☃KING
80.4%
'Gilligan's Island' skipper AlanHALE
78.7%
☃ Come Thou ____ Expected Jesus ☃LONG
78.5%
'Mister' or 'Sir' in GermanyHERR
77.1%
Pitchfork poky partTINE
75.2%
Product of drillingHOLE
75.1%
☃ Lullay, Thou Little ____ Child ☃TINY
73.2%
Pill bug (with poly)ROLY
72.2%
Char surfaceSEAR
71.7%
☃ Infant ____, Infant Lowly ☃HOLY
70.1%
Former Steelers coach ChuckNOLL
69.5%
Cotton seed capsuleBOLL
68.2%
Male deerSTAG
66.2%
Archaic for cattleKINE
65.2%
☃ ____ of the East ☃STAR
64.9%
Smelting wasteSLAG
63.6%

Today's Daily Dose

You're not logged in!

Compare scores with friends on all Sporcle quizzes.
Sign Up with Email
OR
Log In

You Might Also Like...

Show Comments

Extras

Top Quizzes Today


Score Distribution

Your Account Isn't Verified!

In order to create a playlist on Sporcle, you need to verify the email address you used during registration. Go to your Sporcle Settings to finish the process.